[Event "38th Olympiad w"]
[Site "Dresden GER"]
[Date "2008.11.22"]
[Round "9"]
[White "Motoc,A"]
[Black "Zdebskaja,N"]
[Result "0-1"]
[WhiteElo "2313"]
[BlackElo "2419"]
[EventDate "2008.11.13"]

1. d4 Nf6 2. c4 e6 3. Nc3 Bb4 4. Qc2 O-O 5. a3 Bxc3+ 6. Qxc3 b6 7. Bg5 h6
8. Bh4 Ba6 9. e3 d6 10. Bd3 c5 11. Bxf6 Qxf6 12. dxc5 Qxc3+ 13. bxc3 Bb7
14. Nf3 bxc5 15. Rb1 Bc6 16. Nd2 f5 17. e4 Nd7 18. exf5 Bxg2 19. Rg1 Bc6
20. Be4 Bxe4 21. Nxe4 exf5 22. Rb7 Rab8 23. Rxd7 Rb1+ 24. Ke2 Rxg1 25. Nxd6
f4 26. Kf3 Rd1 27. Ke2 Ra1 28. Kf3 Rd1 29. Ke2 Rc1 30. Kd2 Ra1 31. Ne4 Re8
32. Kd3 Rd1+ 33. Nd2 a6 34. Rd5 Rde1 35. Rxc5 R1e2 36. Rd5 Rxf2 37. c5 Rfe2
38. c6 R2e6 39. c7 Rc6 40. Rd7 Re3+ 41. Kd4 Rexc3 42. Ne4 R3c4+ 43. Ke5
Rxc7 44. Rd8+ Kh7 0-1

[Event "38th Olympiad w"]
[Site "Dresden GER"]
[Date "2008.11.22"]
[Round "9"]
[White "Lujan,C"]
[Black "Danielian,E"]
[Result "1/2-1/2"]
[WhiteElo "2366"]
[BlackElo "2513"]
[EventDate "2008.11.13"]

1. e4 e6 2. d3 d5 3. Qe2 Nc6 4. Nf3 e5 5. exd5 Qxd5 6. Nc3 Bb4 7. Bd2 Bxc3
8. Bxc3 Bg4 9. Qe4 Bxf3 10. Qxf3 Qxf3 11. gxf3 f6 12. f4 exf4 13. Bg2 Nge7
14. O-O-O Kf7 15. h4 Rad8 16. Bd2 Nd5 17. Bxd5+ Rxd5 18. Bxf4 Nd4 19. Be3
h5 20. Bxd4 Rxd4 21. Rdg1 Rh6 22. Kd2 Rg6 23. Rxg6 Kxg6 24. Ke3 Rg4 25. c3
Kf5 26. Kf3 c6 27. Ke3 a5 28. b3 g6 29. c4 c5 30. a3 Ke5 31. b4 axb4 32.
axb4 cxb4 33. f3 Rd4 34. Rb1 Rxh4 35. Rxb4 g5 36. Rxb7 Rh3 37. Rb5+ Ke6 38.
Ke4 Rh4+ 39. Ke3 Rh3 40. Ke4 Rh4+ 41. Ke3 Rh3 42. Ke4 Rh4+ 1/2-1/2

[Event "38th Olympiad w"]
[Site "Dresden GER"]
[Date "2008.11.22"]
[Round "9"]
[White "Mkrtchian,L"]
[Black "Amura,C"]
[Result "1-0"]
[WhiteElo "2443"]
[BlackElo "2344"]
[EventDate "2008.11.13"]

1. e4 d6 2. d4 Nf6 3. Nc3 g6 4. Be3 c6 5. Qd2 b5 6. Bd3 a5 7. Nf3 b4 8. Na4
Ba6 9. O-O Bxd3 10. Qxd3 Bg7 11. a3 Na6 12. Qc4 Qc7 13. axb4 axb4 14. d5
cxd5 15. Qb5+ Qd7 16. Qe2 Nc7 17. Nb6 Rxa1 18. Nxd7 Rxf1+ 19. Kxf1 Kxd7 20.
e5 Ng4 21. exd6 Nxe3+ 22. Qxe3 exd6 23. Qb3 Rb8 24. Ne1 Ne6 25. Nd3 Nd4 26.
Qxd5 Ke7 27. Qc4 Ra8 28. g3 Ra1+ 29. Kg2 Rb1 30. Qc7+ Ke8 31. Nxb4 Ne6 32.
Qxd6 Rxb2 33. Nd5 Rb7 34. Qc6+ Rd7 35. Nb6 Nf8 36. Nxd7 Nxd7 37. Qc8+ Ke7
38. Qg8 Bf6 39. Qxh7 Nf8 40. Qh3 Ne6 41. Qg4 Bd4 42. Qe4 Kf6 43. c4 Bc5 44.
f4 Bd6 45. Kf3 Ke7 46. h4 Kf6 47. g4 Bc7 48. f5 1-0

[Event "38th Olympiad w"]
[Site "Dresden GER"]
[Date "2008.11.22"]
[Round "9"]
[White "Plazaola,M"]
[Black "Aginian,N"]
[Result "0-1"]
[WhiteElo "2126"]
[BlackElo "2325"]
[EventDate "2008.11.13"]

1. e4 e6 2. d4 d5 3. Nc3 Nf6 4. e5 Nfd7 5. Nf3 c5 6. dxc5 Nc6 7. Bf4 Nxc5
8. Bd3 Be7 9. Qe2 a6 10. a3 Bd7 11. h4 Qb6 12. Rb1 Rc8 13. O-O Nxd3 14.
Qxd3 Na5 15. Be3 Qc7 16. a4 Nc4 17. Bd4 Bc5 18. Bxc5 Qxc5 19. Rfe1 Nb6 20.
a5 Na4 21. Nxa4 Bxa4 22. c3 Qxa5 23. Ra1 Qb5 24. Qd2 Qd7 25. Nd4 Bc6 26.
Re3 Qe7 27. Rg3 g6 28. Qh6 Kd7 29. Rf3 Rcf8 30. Rf6 g5 31. Qxg5 Rhg8 32.
Qf4 h5 33. c4 dxc4 34. Nxc6 Kxc6 35. Qxc4+ Qc5 36. Qe4+ Kb6 37. Rf3 Ka7 38.
Rb3 Rb8 39. Rc3 Qb6 40. Qe2 Rg4 41. Raa3 Rxh4 42. Rf3 Rc8 43. Rh3 Rc1+ 44.
Kh2 Rxh3+ 45. Rxh3 Rb1 46. Qxh5 Qxf2 47. Qf3 Qg1+ 48. Kg3 Rxb2 49. Rh5 a5
50. Rg5 Qe1+ 51. Kh3 a4 52. Rg4 Qxe5 53. Rxa4+ Kb8 54. Rg4 Qh8+ 55. Rh4 Qe5
56. Rg4 Re2 57. Rg8+ Ka7 58. Qa3+ Kb6 59. Qb3+ Qb5 60. Qc3 Qh5+ 61. Kg3
Qe5+ 62. Qxe5 Rxe5 63. Kf4 Re1 64. Kf3 f5 65. Kf2 Re4 66. Rc8 Ka5 67. Rc1
b5 0-1

[Event "38th Olympiad w"]
[Site "Dresden GER"]
[Date "2008.11.22"]
[Round "9"]
[White "Korbut,E"]
[Black "Limontaite,S"]
[Result "1-0"]
[WhiteElo "2459"]
[BlackElo "2197"]
[EventDate "2008.11.13"]

1. e4 c5 2. Nf3 Nf6 3. Nc3 d5 4. e5 Ne4 5. Bb5+ Nc6 6. Nxe4 dxe4 7. Ng5 Qd5
8. Qe2 Qxe5 9. Bxc6+ bxc6 10. Qxe4 Qd5 11. c4 Qxe4+ 12. Nxe4 e5 13. b3 Bf5
14. d3 Bg6 15. Ba3 Be7 16. O-O-O a5 17. Rhe1 a4 18. Bxc5 axb3 19. axb3 f5
20. Bxe7 fxe4 21. Bc5 Ra1+ 22. Kd2 Ra2+ 23. Kc3 exd3 24. Rxe5+ Kf7 25. Re7+
Kf6 26. Rb7 Re8 27. Bd4+ Kg5 28. Be3+ Kf6 29. h4 Ke6 30. g4 Rc2+ 31. Kb4
Re7 32. Rb6 Be4 33. f3 Bxf3 34. Rxd3 Ke5 35. Bg5 Rf7 36. Kc5 Re2 37. Rd8
Ke4 38. Rd4+ Ke5 39. Rb8 1-0

[Event "38th Olympiad w"]
[Site "Dresden GER"]
[Date "2008.11.22"]
[Round "9"]
[White "Sabirova,O"]
[Black "Djingarova,E"]
[Result "1/2-1/2"]
[WhiteElo "2185"]
[BlackElo "2352"]
[EventDate "2008.11.13"]

1. e4 c5 2. Nc3 e6 3. g3 d5 4. d3 Nc6 5. Bg2 dxe4 6. Nxe4 Nge7 7. f4 Nf5 8.
Nf3 Be7 9. O-O h5 10. Re1 Qb6 11. Kh1 Bd7 12. h3 O-O-O 13. Kh2 f6 14. c3
Qc7 15. Ng1 g5 16. Ne2 Rdg8 17. d4 gxf4 18. Bxf4 e5 19. dxe5 fxe5 20. Bd2
Rg6 21. Rf1 Rhg8 22. Bh1 Bd6 23. Rf3 Nce7 24. Qc2 h4 25. g4 Nh6 26. Bxh6
Rxh6 27. Raf1 Nd5 28. Qd2 Nf4 29. Nxf4 exf4 30. Nxd6+ Rxd6 31. Qxf4 Re8 32.
R3f2 c4 33. Kg1 Qc5 34. Be4 Rde6 35. Bf5 Re3 36. Kh2 Re2 37. Bxd7+ Kxd7 38.
Qf5+ Qxf5 39. gxf5 R8e3 40. Rd1+ Ke8 41. Rd2 Rxd2 42. Rxd2 Rf3 43. Kg2 Rxf5
44. Rd4 Rb5 45. Kf3 Rxb2 46. a4 b5 47. axb5 Rxb5 48. Rxc4 Rh5 49. Ra4 Rh7
50. Kg4 Kd8 51. Kg5 Kc8 52. Kg6 Rc7 53. Rxh4 1/2-1/2

[Event "38th Olympiad w"]
[Site "Dresden GER"]
[Date "2008.11.22"]
[Round "9"]
[White "Velcheva,M"]
[Black "Gevorgyan,I"]
[Result "0-1"]
[WhiteElo "2280"]
[BlackElo "2179"]
[EventDate "2008.11.13"]

1. e4 c5 2. Nf3 e6 3. d4 cxd4 4. Nxd4 a6 5. Be2 Nf6 6. Nc3 d6 7. a4 Nc6 8.
Be3 Be7 9. O-O Qc7 10. f4 O-O 11. Kh1 Re8 12. Bd3 Bd7 13. Qf3 Rac8 14. Qg3
g6 15. Nf3 Nb4 16. e5 Nh5 17. Qf2 Bc6 18. Nd4 Nxd3 19. cxd3 Rf8 20. exd6
Qxd6 21. Ne4 Qd7 22. b3 Bd5 23. Qb2 f5 24. Nd2 Bf6 25. Nc4 Rcd8 26. Ne5
Bxe5 27. fxe5 f4 28. Bf2 Qe7 29. b4 Qg5 30. Nf3 Bxf3 31. gxf3 Rxd3 32. Qe2
Qf5 33. Rad1 Rxd1 34. Rxd1 Rc8 35. Qe4 Qxe4 36. fxe4 f3 37. Bc5 Nf4 38. a5
g5 39. Kg1 Rc7 40. Kf2 Ng6 41. Rd8+ Kg7 42. Kxf3 Nxe5+ 43. Kg3 Nf7 44. Rd2
Kg6 45. h4 h6 46. Rd4 gxh4+ 47. Kxh4 Ng5 48. Kg3 Rf7 49. Bd6 h5 50. e5 Rd7
51. Rf4 Rf7 52. Rc4 Rh7 53. Rh4 Nf7 54. Kf4 Nh6 55. Rh1 Rf7+ 56. Ke4 Ng4
57. Rg1 Kg5 58. Bc5 h4 59. Be3+ Kh5 60. Bd4 h3 61. Rh1 Kh4 0-1

[Event "38th Olympiad w"]
[Site "Dresden GER"]
[Date "2008.11.22"]
[Round "9"]
[White "Nodirjanova,N"]
[Black "Raeva,E"]
[Result "1-0"]
[WhiteElo "2118"]
[BlackElo "2251"]
[EventDate "2008.11.13"]

1. d4 d5 2. Nf3 Nf6 3. e3 Bf5 4. c4 c6 5. Nc3 e6 6. Nh4 Bg6 7. Be2 Nbd7 8.
g3 Bd6 9. Nxg6 hxg6 10. O-O g5 11. a3 Nf8 12. Qd3 Qd7 13. f3 Ng6 14. Rf2
Rd8 15. e4 dxe4 16. Nxe4 Nxe4 17. Qxe4 Be7 18. Be3 Bf6 19. Rd1 Ne7 20. b3
Kf8 21. g4 Ng6 22. Bf1 Be7 23. Qc2 Qc7 24. a4 Nf4 25. Qe4 g6 26. Rfd2 Bd6
27. d5 exd5 28. Qd4 Rh7 29. Qxa7 Ne6 30. h3 d4 31. Bxd4 Bb4 32. Be5 Qxe5
33. Rxd8+ Kg7 34. Kh1 Qg3 35. Qg1 Qxf3+ 36. Kh2 Bc3 37. Qg2 Qf6 38. R8d7
Nf4 39. Qf3 Be5 40. Kh1 b6 41. b4 c5 42. b5 Qe6 43. Ra7 Bb8 44. Rb7 Rh8 45.
Rdd7 Rf8 46. Qc3+ Kg8 47. Re7 Qd6 48. Rbd7 Ne2 49. Rxd6 Nxc3 50. Rxb6 Nxa4
51. Rc6 Nc3 52. b6 Rd8 53. b7 Kf8 54. Re3 Nd1 55. Rc8 1-0

[Event "38th Olympiad w"]
[Site "Dresden GER"]
[Date "2008.11.22"]
[Round "9"]
[White "Agrest,S"]
[Black "Bensdorp,M"]
[Result "1/2-1/2"]
[WhiteElo "2258"]
[BlackElo "2303"]
[EventDate "2008.11.13"]

1. e4 e6 2. d3 d5 3. Nd2 Nf6 4. Ngf3 b6 5. g3 dxe4 6. dxe4 Bc5 7. Bg2 Ba6
8. c4 Qd3 9. b4 Be7 10. Rb1 Bb7 11. Rb3 Qd8 12. Qe2 O-O 13. O-O Nc6 14. Rd3
Qc8 15. e5 Nd7 16. a3 Rd8 17. Nb3 Nf8 18. Rfd1 Rxd3 19. Rxd3 Qe8 20. b5 Nb8
21. Nfd4 Bxg2 22. Kxg2 a6 23. Qe4 Ra7 24. h4 c5 25. bxc6 Rc7 26. a4 Nxc6
27. Nxc6 Qxc6 28. Qxc6 Rxc6 29. a5 bxa5 30. Nxa5 Rc7 31. Be3 Nd7 32. f4 h5
33. Kf3 Bb4 34. Bd2 Bxd2 35. Rxd2 Nb6 36. Rd6 Nxc4 37. Nxc4 Rxc4 38. Rxa6
Rc3+ 39. Kf2 Kh7 1/2-1/2

[Event "38th Olympiad w"]
[Site "Dresden GER"]
[Date "2008.11.22"]
[Round "9"]
[White "Pavlovskaia,E"]
[Black "Schut,L"]
[Result "1/2-1/2"]
[WhiteElo "2197"]
[BlackElo "2153"]
[EventDate "2008.11.13"]

1. e4 c5 2. b3 Nc6 3. Bb2 d6 4. Bb5 Bd7 5. f4 e6 6. Nf3 Nf6 7. Nc3 Be7 8.
O-O O-O 9. d3 a6 10. Bxc6 Bxc6 11. a4 b5 12. axb5 axb5 13. Rxa8 Qxa8 14.
Qe2 c4 15. e5 Nd5 16. Nxd5 Bxd5 17. bxc4 bxc4 18. dxc4 Qa6 19. Qd2 Qxc4 20.
Ba3 Rd8 21. exd6 Bxd6 22. Bxd6 Rxd6 23. Ne5 Qc5+ 24. Qf2 Qb4 25. Qa7 Qb6+
26. Qxb6 Rxb6 27. c4 Be4 28. Rd1 h6 29. Rd8+ Kh7 30. Rd2 f6 31. Nd7 Rb1+
32. Kf2 Rc1 33. Nf8+ Kg8 34. Nxe6 Rxc4 35. Nd4 g5 36. fxg5 1/2-1/2

[Event "38th Olympiad w"]
[Site "Dresden GER"]
[Date "2008.11.22"]
[Round "9"]
[White "Arribas Robaina,M"]
[Black "Chirivi C,Y"]
[Result "1-0"]
[WhiteElo "2303"]
[BlackElo "2175"]
[EventDate "2008.11.13"]

1. e4 c5 2. Nf3 e6 3. Nc3 a6 4. a4 Nc6 5. Bc4 Qc7 6. O-O Nf6 7. d3 Be7 8.
Ng5 h6 9. Nh3 O-O 10. f4 d6 11. f5 exf5 12. exf5 Nd4 13. Nf4 Nxf5 14. Ncd5
Nxd5 15. Nxd5 Qd8 16. Qh5 Bg5 17. Bxg5 hxg5 18. Rae1 g6 19. Qf3 Be6 20. c3
b5 21. axb5 axb5 22. Bxb5 Rb8 23. c4 Nd4 24. Nf6+ Kg7 25. Qf2 Nxb5 26. cxb5
Rxb5 27. Qd2 Bf5 28. Rxf5 1-0

[Event "38th Olympiad w"]
[Site "Dresden GER"]
[Date "2008.11.22"]
[Round "9"]
[White "Mateus,Mar"]
[Black "Ordaz Valdes,L"]
[Result "1/2-1/2"]
[WhiteElo "2138"]
[BlackElo "2306"]
[EventDate "2008.11.13"]

1. e4 e5 2. Nc3 Nf6 3. f4 d5 4. fxe5 Nxe4 5. Nf3 Be7 6. Qe2 Ng5 7. d4 Nxf3+
8. Qxf3 Be6 9. Be3 Nc6 10. Bb5 a6 11. Ba4 Qd7 12. O-O O-O 13. Qg3 Kh8 14.
a3 b5 15. Bb3 Na5 16. Ne2 Nc4 17. Bc1 f6 18. Bxc4 dxc4 19. Be3 Bf5 20. Rac1
Rae8 21. Rfd1 Bd8 22. Bf4 Bg4 23. Qe3 c6 24. h3 Bxe2 25. Qxe2 fxe5 26. Bxe5
Bf6 27. Qh5 Qd5 28. Rf1 Kg8 29. Rce1 Rf7 30. Kh1 Bxe5 31. Rxf7 Qxf7 32. Qe2
Qf4 33. dxe5 Qd4 34. c3 Qd3 35. Qg4 Qg6 36. Qf3 Qe6 37. Qe3 Qg6 1/2-1/2

[Event "38th Olympiad w"]
[Site "Dresden GER"]
[Date "2008.11.22"]
[Round "9"]
[White "Pina Vega,S"]
[Black "Herrera,Mil"]
[Result "0-1"]
[WhiteElo "2286"]
[BlackElo "2070"]
[EventDate "2008.11.13"]

1. e4 c5 2. Nf3 e6 3. d3 Nc6 4. g3 d5 5. Nbd2 Bd6 6. Bg2 Nge7 7. O-O O-O 8.
Nh4 Bc7 9. f4 f6 10. Kh1 b6 11. f5 dxe4 12. dxe4 Ba6 13. Re1 exf5 14. exf5
Rb8 15. Be4 Ne5 16. Ng2 Bb7 17. Qh5 g6 18. fxg6 hxg6 19. Qe2 Bc8 20. Nf3
Bg4 21. Qf1 Kg7 22. Nxe5 Bxe5 23. Ne3 Be6 24. Ng2 g5 25. Qe2 Rh8 26. Kg1
Qd4+ 27. Qe3 Qd6 28. c3 Rh3 29. Qd3 Qc7 30. Bxg5 fxg5 31. Qd2 Rh5 32. Qe2
g4 33. Rad1 Rf8 34. Bb1 Bxg3 35. hxg3 Qxg3 0-1

[Event "38th Olympiad w"]
[Site "Dresden GER"]
[Date "2008.11.22"]
[Round "9"]
[White "Franco Valencia,B"]
[Black "Linares Napoles,O"]
[Result "0-1"]
[WhiteElo "2172"]
[BlackElo "2262"]
[EventDate "2008.11.13"]

1. e4 d6 2. d4 Nf6 3. Bd3 e5 4. Ne2 g6 5. O-O Bg7 6. h3 O-O 7. dxe5 dxe5 8.
Be3 Be6 9. Qd2 Nbd7 10. Nbc3 c6 11. Kh1 Qe7 12. f4 exf4 13. Nxf4 Ne5 14.
Qf2 b6 15. a3 Nfd7 16. Rad1 Rad8 17. Nce2 Nxd3 18. Nxd3 Bc4 19. Bd4 Ne5 20.
b4 Rfe8 21. Rfe1 Qg5 22. a4 Nxd3 23. cxd3 Bb3 24. Rc1 Qd2 25. Bxg7 Kxg7 26.
Rf1 Rxd3 27. Qf6+ Kg8 28. Qxc6 Red8 29. Nf4 R3d6 30. Qc7 R6d7 31. Qc6 Qxb4
32. e5 Qxa4 33. Qf6 Qe4 34. Rce1 Qf5 35. Qxf5 gxf5 36. Nh5 Rd1 37. Nf6+ Kg7
38. Kh2 Rxe1 39. Rxe1 a5 40. Re3 a4 41. Rg3+ Kf8 42. Nxh7+ Ke7 43. Ng5 Ra8
44. Nf3 f4 45. Rg7 Rd8 46. e6 Kxe6 47. Rh7 a3 48. Rh6+ f6 49. Rh7 a2 50.
Ra7 Rd1 0-1

[Event "38th Olympiad w"]
[Site "Dresden GER"]
[Date "2008.11.22"]
[Round "9"]
[White "Calzetta,M"]
[Black "Repkova,E"]
[Result "0-1"]
[WhiteElo "2328"]
[BlackElo "2400"]
[EventDate "2008.11.13"]

1. e4 e6 2. d4 d5 3. Nd2 c5 4. Ngf3 cxd4 5. exd5 Qxd5 6. Bc4 Qd6 7. O-O Nf6
8. Nb3 Nc6 9. Nbxd4 Nxd4 10. Nxd4 a6 11. Re1 Qc7 12. Qe2 Bc5 13. c3 b5 14.
Bxe6 Bxe6 15. Nxe6 fxe6 16. Qxe6+ Kf8 17. Bg5 Qc8 18. Qe2 Qf5 19. Bxf6 Qxf6
20. Rad1 Kg8 21. b4 Bb6 22. Rd3 h5 23. Rf3 Qg6 24. Rg3 Qf7 25. Rf3 Qc4 26.
Qe7 Rd8 27. h4 Rh6 28. g3 Qxa2 29. Rf5 Qc4 30. Kg2 Qc6+ 31. Kh2 Rf6 32.
Rxf6 Qxf6 33. Qxf6 gxf6 34. Re6 Bxf2 35. Rxf6 Be1 36. Rxa6 Bxc3 37. Rg6+
Kf7 38. Rg5 Rb8 39. Rxh5 Bxb4 40. Kg2 Bc3 41. Rf5+ Kg6 42. g4 b4 0-1

[Event "38th Olympiad w"]
[Site "Dresden GER"]
[Date "2008.11.22"]
[Round "9"]
[White "Hagarova,Z"]
[Black "Pares Vives,N"]
[Result "1/2-1/2"]
[WhiteElo "2430"]
[BlackElo "2299"]
[EventDate "2008.11.13"]

1. e4 e5 2. Nf3 Nc6 3. Bb5 a6 4. Ba4 Nf6 5. O-O Be7 6. Re1 b5 7. Bb3 O-O 8.
d4 d6 9. c3 Bg4 10. d5 Na5 11. Bc2 c5 12. h3 Bd7 13. Nxe5 dxe5 14. d6 Be6
15. dxe7 Qxe7 16. Nd2 Rfd8 17. Qf3 Nc4 18. Nf1 Ne8 19. b3 Nb6 20. Be3 Rac8
21. Rad1 Rxd1 22. Rxd1 Nd7 23. Ng3 Ndf6 24. Nf5 Bxf5 25. exf5 h6 26. Qe2 c4
27. Bd4 Qa3 28. Bxe5 Qxa2 29. b4 a5 30. bxa5 Qxa5 31. Qe1 Qa8 32. Rb1 Qd5
33. Qe3 Ra8 34. Rd1 Qb7 35. Qc5 Ra2 36. Bxf6 gxf6 37. Qe3 Qb8 38. Be4 Qe5
39. f4 Qe7 40. Qg3+ Kh7 41. Kh2 Nd6 42. Bc6 Qc7 43. Qf3 Ra6 44. Bd5 Qc5 45.
Qg3 Qc7 46. Qe3 Kg7 47. Qg3+ Kh7 48. Qe3 Kg7 49. Qg3+ Kh7 1/2-1/2

[Event "38th Olympiad w"]
[Site "Dresden GER"]
[Date "2008.11.22"]
[Round "9"]
[White "Vega Gutierrez,S"]
[Black "Pokorna,Reg"]
[Result "1/2-1/2"]
[WhiteElo "2278"]
[BlackElo "2376"]
[EventDate "2008.11.13"]

1. e4 e5 2. Nf3 Nc6 3. Bb5 a6 4. Ba4 Nf6 5. O-O Be7 6. d3 b5 7. Bb3 d6 8.
a4 b4 9. a5 O-O 10. Nbd2 h6 11. Re1 Re8 12. Nc4 Bg4 13. Ba4 Bd7 14. Bd2 Rb8
15. c3 bxc3 16. Bxc3 Bf8 17. d4 Nxd4 18. Nxd4 Bxa4 19. Rxa4 exd4 20. Qxd4
d5 21. exd5 Rxe1+ 22. Bxe1 Qxd5 23. Qxd5 Nxd5 24. Ra1 Be7 25. Rd1 Rb5 26.
g3 f5 27. Kf1 Kf7 28. Rd3 Ke6 29. Ke2 Bf6 30. b3 1/2-1/2

[Event "38th Olympiad w"]
[Site "Dresden GER"]
[Date "2008.11.22"]
[Round "9"]
[White "Gregorova,Z"]
[Black "Llaneza Vega,P"]
[Result "1/2-1/2"]
[WhiteElo "2163"]
[BlackElo "2246"]
[EventDate "2008.11.13"]

1. e4 c5 2. Nf3 Nc6 3. d3 g6 4. g3 Bg7 5. Bg2 e5 6. O-O Nge7 7. c3 O-O 8.
Be3 d6 9. Na3 h6 10. Ne1 Be6 11. Qd2 Kh7 12. f4 Qd7 13. Nac2 Rad8 14. Nf3
b6 15. d4 exd4 16. cxd4 d5 17. e5 c4 18. Kf2 Bf5 19. h3 Bxc2 20. Qxc2 Nb4
21. Qd2 Nd3+ 22. Kg1 Qb5 23. Rab1 Rc8 24. Ne1 Nxe1 25. Rfxe1 Qa4 26. g4
Qxa2 27. Ra1 c3 28. Rxa2 cxd2 29. Bxd2 a5 30. b4 Rc4 31. bxa5 bxa5 32. Rxa5
Rxd4 33. Be3 Rd3 34. Bc5 Nc6 35. Ra3 Rxa3 36. Bxa3 Ra8 37. Bc5 Rd8 38. Rd1
g5 39. Rxd5 gxf4 40. Rd6 Rxd6 41. exd6 Ne5 42. Be4+ Kg8 43. Bf5 Bf6 44. Kf2
Bd8 45. Bd4 f6 46. Bc5 Kg7 47. Ke2 Kf7 48. Kd2 Kg7 49. Kc3 h5 50. Kd4 hxg4
51. Bxg4 Nxg4 52. hxg4 Kg6 53. Ke4 Kg5 54. Kf3 f5 55. gxf5 Kxf5 56. Bb4 Ke5
1/2-1/2

[Event "38th Olympiad w"]
[Site "Dresden GER"]
[Date "2008.11.22"]
[Round "9"]
[White "Golubenko,Valen"]
[Black "Mamedjarova,Z"]
[Result "0-1"]
[WhiteElo "2273"]
[BlackElo "2351"]
[EventDate "2008.11.13"]

1. d4 f5 2. c4 g6 3. Nc3 Nf6 4. Nf3 Bg7 5. g3 O-O 6. Bg2 c5 7. d5 d6 8. O-O
Na6 9. e4 fxe4 10. Ng5 Nc7 11. Ngxe4 Nxe4 12. Nxe4 b5 13. Bg5 bxc4 14. Qd2
Rb8 15. Rab1 Bf5 16. h3 Bxe4 17. Bxe4 Rxb2 18. Rxb2 c3 19. Qd3 cxb2 20. h4
Qd7 21. h5 Qg4 22. f4 Qh3 23. Kf2 Bd4+ 24. Kf3 gxh5 25. Bxh7+ Kh8 26. Be4
e5 27. Ke2 exf4 28. Rh1 Qg4+ 29. Qf3 Qxf3+ 30. Kxf3 fxg3+ 31. Kxg3 Kg7 32.
Bf4 Nb5 33. Bd3 Nc3 34. Rxh5 Ne2+ 35. Kf3 Nxf4 36. Rh7+ Kg8 0-1

[Event "38th Olympiad w"]
[Site "Dresden GER"]
[Date "2008.11.22"]
[Round "9"]
[White "Mamedjarova,T"]
[Black "Medic,Mir"]
[Result "1/2-1/2"]
[WhiteElo "2269"]
[BlackElo "2281"]
[EventDate "2008.11.13"]

1. f4 d5 2. Nf3 g6 3. g3 Bg7 4. Bg2 c6 5. c3 Bg4 6. O-O Qb6+ 7. d4 Nd7 8.
Nbd2 Ngf6 9. Kh1 Bxf3 10. Bxf3 h5 11. h3 Qc7 12. Bg2 Bh6 13. e4 dxe4 14.
Nxe4 Nxe4 15. Bxe4 Nf6 16. Bg2 e6 17. Qe2 Bg7 18. Bd2 O-O 19. Bf3 Rfd8 20.
Rad1 Rd7 21. Rf2 Rad8 22. b4 Nd5 23. g4 hxg4 24. hxg4 Re7 25. Be4 f5 26.
Bc2 Kf7 27. Rdf1 Rh8+ 28. Kg1 Rh4 29. Rg2 Re8 30. Bb3 Qd6 31. gxf5 gxf5 32.
Bxd5 Qxd5 33. Qf3 Bf6 34. Qxd5 exd5 35. Rff2 a5 36. a3 axb4 37. axb4 Ra8
38. Kf1 Rh1+ 39. Ke2 Rah8 40. Kd3 R8h3+ 1/2-1/2

[Event "38th Olympiad w"]
[Site "Dresden GER"]
[Date "2008.11.22"]
[Round "9"]
[White "Franciskovic,B"]
[Black "Isgandarova,K"]
[Result "1/2-1/2"]
[WhiteElo "2275"]
[BlackElo "2206"]
[EventDate "2008.11.13"]

1. g3 g6 2. Bg2 Bg7 3. c4 d6 4. Nc3 Nf6 5. e4 c5 6. Nge2 Nc6 7. d3 O-O 8.
O-O Nd4 9. Rb1 Ne8 10. b4 Nc7 11. Nxd4 cxd4 12. Nd5 e5 13. Qb3 Be6 14. Bd2
f5 15. Bg5 Qd7 16. Ne7+ Kh8 17. exf5 gxf5 18. Bxb7 Bf6 19. Bxf6+ Rxf6 20.
Bxa8 Nxa8 21. Nd5 Bxd5 22. cxd5 f4 23. f3 fxg3 24. Rb2 Qh3 25. hxg3 Qxg3+
26. Rg2 Qf4 27. Qc2 Qe3+ 28. Rff2 Qe1+ 29. Rf1 Qe3+ 30. Qf2 Qxd3 31. Qh4
Qe3+ 32. Rff2 Qc1+ 33. Rf1 Qe3+ 34. Rff2 Qc1+ 1/2-1/2

[Event "38th Olympiad w"]
[Site "Dresden GER"]
[Date "2008.11.22"]
[Round "9"]
[White "Kopinits,A"]
[Black "Smokina,K"]
[Result "0-1"]
[WhiteElo "2270"]
[BlackElo "2235"]
[EventDate "2008.11.13"]

1. e4 c5 2. Nf3 Nc6 3. d4 cxd4 4. Nxd4 e5 5. Nb5 d6 6. N1c3 a6 7. Na3 b5 8.
Nd5 Nge7 9. c4 Nd4 10. cxb5 Nxd5 11. exd5 Be7 12. Bd3 O-O 13. O-O f5 14.
bxa6 Bf6 15. Be3 f4 16. Bxd4 exd4 17. Qc2 g6 18. Qc6 Bd7 19. Qxd6 f3 20. g3
Be7 21. Qe5 Bf6 22. Qf4 Bg7 23. Qd2 Bc8 24. b4 Bxa6 25. b5 Bb7 26. Nc4 Bxd5
27. a4 Rc8 28. Rfc1 Qf6 29. a5 Rce8 30. Nb6 Be4 31. Nd7 Qf5 32. Bc4+ Kh8
33. Nxf8 d3 34. Ne6 Rxe6 35. Bxe6 Qxe6 36. Qf4 h6 37. Kf1 g5 38. Qb8+ Kh7
39. Qb6 Qd5 40. Qe3 Bd4 41. Rc7+ Kg6 42. Rc6+ Kf5 43. Qc1 Qxb5 44. Rb6 Bxb6
45. Qc8+ Ke5 46. Qb8+ Kd4 47. Qxb6+ Qxb6 48. axb6 d2 49. Ra4+ Kd3 50. Ra3+
Kc2 51. Ra2+ Kc1 52. Ra1+ Bb1 0-1

[Event "38th Olympiad w"]
[Site "Dresden GER"]
[Date "2008.11.22"]
[Round "9"]
[White "Partac,E"]
[Black "Novkovic,J"]
[Result "1/2-1/2"]
[WhiteElo "2168"]
[BlackElo "2161"]
[EventDate "2008.11.13"]

1. e4 c5 2. Nc3 Nc6 3. g3 g6 4. Bg2 Bg7 5. d3 d6 6. Nge2 Rb8 7. O-O e6 8.
Be3 Nd4 9. Qd2 Qa5 10. f4 Ne7 11. Rf2 Nec6 12. g4 f5 13. gxf5 exf5 14. Ng3
O-O 15. a3 Be6 16. Re1 Rbe8 17. Nd5 Qxd2 18. Rxd2 fxe4 19. Nc7 Re7 20. Nxe6
Nxe6 21. Bxe4 Bxb2 22. f5 Ned4 23. Bh6 Rxe4 24. Nxe4 Nf3+ 25. Kh1 Rb8 26.
Rf1 Nxd2 27. Bxd2 gxf5 28. Nxd6 Ne7 29. Rg1+ Ng6 30. h4 Be5 31. Nxf5 Kf7
32. h5 Ne7 33. Nh6+ Ke6 34. Re1 Rf8 35. Bc3 Nc6 36. Bxe5 Nxe5 37. Kg2 Kd5
38. Re4 Kd6 39. Kg3 Rf1 40. Kh4 Rg1 41. Nf5+ Ke6 42. Ne3 Kd6 1/2-1/2

[Event "38th Olympiad w"]
[Site "Dresden GER"]
[Date "2008.11.22"]
[Round "9"]
[White "Newrkla,K"]
[Black "Bulmaga,I"]
[Result "1/2-1/2"]
[WhiteElo "2071"]
[BlackElo "2287"]
[EventDate "2008.11.13"]

1. e4 e5 2. Nf3 Nf6 3. Nxe5 d6 4. Nf3 Nxe4 5. Nc3 Nxc3 6. dxc3 Be7 7. Bf4
Nd7 8. Qd2 O-O 9. O-O-O Re8 10. h4 Nc5 11. Bc4 Be6 12. Bxe6 Nxe6 13. Be3 c5
14. Ng5 Bxg5 15. hxg5 Qa5 16. Kb1 Rad8 17. Qd5 Qc7 18. Rh4 Nf8 19. Rdh1 Re6
20. Qf5 g6 21. Qh3 Rde8 22. b3 b5 23. Kb2 a5 24. Rf4 b4 25. cxb4 axb4 26.
Rf6 Qa5 27. Qf3 Qa3+ 28. Kb1 Ra8 29. Rxe6 Qxa2+ 30. Kc1 Qa1+ 31. Kd2 Qc3+
32. Ke2 Qxc2+ 33. Bd2 Ra2 34. Rxd6 Ne6 35. Rh4 Ra1 36. Qd3 Qd1+ 37. Ke3 Rb1
38. Bc3 Qc1+ 39. Bd2 Qd1 40. Bc3 Qc1+ 41. Bd2 1/2-1/2

[Event "38th Olympiad w"]
[Site "Dresden GER"]
[Date "2008.11.22"]
[Round "9"]
[White "Fierro Baquero,M"]
[Black "Seps,M"]
[Result "1-0"]
[WhiteElo "2361"]
[BlackElo "2203"]
[EventDate "2008.11.13"]

1. e4 c5 2. Nf3 d6 3. d4 cxd4 4. Qxd4 Nc6 5. Bb5 Bd7 6. Bxc6 Bxc6 7. Nc3
Nf6 8. Bg5 e6 9. O-O-O Be7 10. Qd3 Qa5 11. h4 h6 12. Bf4 e5 13. Be3 Qa6 14.
Qxa6 bxa6 15. Nd2 O-O 16. f3 d5 17. exd5 Nxd5 18. Nxd5 Bxd5 19. Nb3 Rfd8
20. Bc5 Bf6 21. Rde1 Rd7 22. Bb4 Rc8 23. Bc3 Rdc7 24. Re2 Bc4 25. Re4 Be6
26. Rd1 Bf5 27. Ra4 e4 28. fxe4 Bg4 29. Rd3 Bxh4 30. Nd4 Re8 31. Nf3 Bf2
32. Kb1 Bd7 33. Rb4 a5 34. Be5 axb4 35. Bxc7 Bb5 36. Rd8 Bc5 37. Rd5 1-0

[Event "38th Olympiad w"]
[Site "Dresden GER"]
[Date "2008.11.22"]
[Round "9"]
[White "Moncayo Romero,E"]
[Black "Lematschko,T"]
[Result "0-1"]
[WhiteElo "2142"]
[BlackElo "2195"]
[EventDate "2008.11.13"]

1. e4 e5 2. Nf3 Nc6 3. Bc4 Bc5 4. O-O Nf6 5. d3 h6 6. c3 Bb6 7. d4 Nxe4 8.
dxe5 O-O 9. b4 d6 10. Qd3 Bf5 11. Qe2 Nxe5 12. Bd5 Nf6 13. Nxe5 Nxd5 14.
Nc4 Bxb1 15. Rxb1 Nxc3 16. Qg4 Nxb1 17. Bb2 Qg5 0-1